Pilot Plants and Scale-up of Chemical Processes
Uložené v:
| Hlavný autor: | |
|---|---|
| Médium: | Kniha |
| Jazyk: | English |
| Vydavateľské údaje: |
Cambridge
The Royal Society of Chemistry
1997
|
| Vydanie: | 1. vyd. |
| On-line prístup: | View in OPAC |
| Tagy: |
Žiadne tagy, Buďte prvý, kto otaguje tento záznam!
|
MARC
| LEADER | 00000nam a2200000 a 4500 | ||
|---|---|---|---|
| 005 | 20260127133948.0 | ||
| 008 | 050309 1997 enk 000 0 eng d | ||
| 020 | |a 0854047964 | ||
| 035 | |a vtls001518679 | ||
| 039 | 9 | |y 200503091317 |z mschk03 | |
| 040 | |a STUSCHK1 |b slo |c STUSCHK1 |e AACR2 | ||
| 100 | 1 | |a Hoyle, W. | |
| 245 | 1 | |a Pilot Plants and Scale-up of Chemical Processes | |
| 250 | |a 1. vyd. | ||
| 260 | |a Cambridge |b The Royal Society of Chemistry |c 1997 | ||
| 300 | |a 97 s. | ||
| 910 | |a SCHK95 | ||
| 919 | |a 0-85404-796-4 | ||
| 999 | |c 993 |d 993 | ||